000 00252nam a2200109Ia 4500
999 _c8241
_d8241
020 _a978-0124077263
100 _aHennessy, john L.
245 0 _aComputer Organization and Design
260 _aNew York
_bMcGraw Hill
_c1994
300 _a232
942 _cBK